00831cam a22002651a 45000010008000000030004000080050017000120080041000290100017000700350019000870400028001060420012001340500018001460820015001641000041001792450065002202600057002853000018003425000020003606500019003809060045003999420012004449990015004569520094004718259654OSt20230704085819.0830325s1923 mau 001 0 eng  a 23012367  a(OCoLC)9346291 aDLCcMBSufdMoSU-LdDLC apremarc00aKFM2512b.A97 a344.2bMEG1 aArcher, Gleason Leonard,d1880-1966.14aThe law of real property cSir Robert Megarry and H.W.R.Wade aBoston, Mass. :bSuffolk Law School Press,c10000465 a1230pc24 cm. aIncludes index. 0aReal property. a7bcbccoclcrplduencipf19gy-gencatlg 2ddccBK c3579d3579 00102ddc4070a002b002d2023-07-04l0o344.2 MEGp10000465r2023-07-04w2023-07-04yBK